| 000 | 00615nam a2200181 i 4500 | ||
|---|---|---|---|
| 001 | 72266 | ||
| 003 | ES-MaACL | ||
| 005 | 20230906171400.0 | ||
| 007 | t| | ||
| 008 | 040830s1939 sp ||||1| spa d | ||
| 100 | 1 |
_aGiménez Caballero, Ernesto, _d1899-1988 _957038 |
|
| 245 | 1 | 1 |
_a¡Hay Pirineos! : _bnotas de un alférez en la IVª de Navarra sobre la conquista de Port-Bou / _cErnesto Giménez Caballero. |
| 260 |
_aMadrid : _bOliva de Vilanova, _c1939. |
||
| 300 |
_a95 p. : _bil. ; _c25 cm. |
||
| 651 | 4 |
_aGerona (Provincia)- _xHistoria. _9153502 |
|
| 852 |
_aES-MaACL _jB-9524 |
||
| 999 |
_c72266 _d72266 |
||